01540nam a2200361 a 4500001001200000003000800012006001900020007001500039008004100054020001800095020002700113040002100140035002100161043001200182050002600194100002700220245013400247260004300381300002400424490004900448504005100497505008800548533015200636650003100788650005100819650003000870655002900900700001500929700002100944710001700965830007000982856012601052ebr10421813CaPaEBRm u cr cn|||||||||101117s2010 dcua sb 001 0 eng d z9780821384893 z9780821384961 (e-book) aCaPaEBRcCaPaEBR a(OCoLC)673483896 aa-ph---14aHD5825.A6bD54 2010eb1 aDi Gropello, Emanuela.10aSkills for the labor market in the Philippinesh[electronic resource] /cEmanuela di Gropello ; with Hong Tan and Prateek Tandon. aWashington, D.C. :bWorld Bank,c2010. axxi, 246 p. :bill.1 aDirections in development. Human development aIncludes bibliographical references and index.0 apt. 1. Skills demand in the Philippines -- pt. 2. Skills supply in the Philippines. aElectronic reproduction.bPalo Alto, Calif. :cebrary,d2011.nAvailable via World Wide Web.nAccess may be limited to ebrary affiliated libraries. 0aLabor marketzPhilippines. 0aSkilled laborxSupply and demandzPhilippines. 0aLife skillszPhilippines. 7aElectronic books.2local1 aTan, Hong.1 aTandon, Prateek.2 aebrary, Inc. 0aDirections in development (Washington, D.C.).pHuman development.40uhttp://site.ebrary.com/lib/rucke/Doc?id=10421813zAn electronic book accessible through the World Wide Web; click to view